[Event "Mittelfranken-ch HT 55th"]
[Site "Postbauer"]
[Date "2006.04.13"]
[Round "5.14"]
[White "Lamprecht, Friedrich"]
[Black "Witt, Alfred"]
[Result "0-1"]
[WhiteElo "1724"]
[BlackElo "1900"]
[PlyCount "84"]
[EventDate "2006.04.11"]
[EventType "swiss"]
[EventRounds "9"]
[EventCountry "GER"]
[SourceTitle "EXT 2011"]
[Source "ChessBase"]
[SourceDate "2010.11.26"]
[SourceVersion "1"]
[SourceVersionDate "2010.11.26"]
[SourceQuality "1"]

1. e4 e5 2. Nf3 Nc6 3. Bb5 a6 4. Ba4 Nf6 5. 0-0 Be7 6. Re1 b5 7. Bb3 0-0 8. c3 d5 9. exd5 Nxd5 10. Nxe5 Nxe5 11. Rxe5 Nf6 12. d4 Bd6 13. Re1 Ng4 14. g3 Qf6 15. Be3 Re8 16. Qd2 Bb7 17. Bd1 Nxh2 18. f4 Nf3+ 19. Bxf3 Bxf3 20. Qf2 Bb7 21. Nd2 Qf5 22. Nf3 Qd5 23. Rf1 Re6 24. Rae1 Qxa2 25. Ng5 Rh6 26. Nf3 Qd5 27. Kg2 Re8 28. Rh1 Ree6 29. g4 Rxh1 30. Rxh1 Qe4 31. Re1 Bxf4 32. Bxf4 Qxe1 33. Qxe1 Rxe1 34. Kg3 Bxf3 35. Kxf3 c6 36. b4 Rd1 37. Ke4 Kf8 38. Ke5 Rd3 39. Kd6 Rxc3 40. Kc7 Ke7 41. Bd6+ Ke6 42. Bc5 Kd5 0-1

[Event "Mittelfranken-ch HT 55th"]
[Site "Postbauer"]
[Date "2006.04.12"]
[Round "3.13"]
[White "Alt, Norbert"]
[Black "Witt, Alfred"]
[Result "1-0"]
[WhiteElo "1866"]
[BlackElo "1900"]
[PlyCount "99"]
[EventDate "2006.04.11"]
[EventType "swiss"]
[EventRounds "9"]
[EventCountry "GER"]
[SourceTitle "EXT 2011"]
[Source "ChessBase"]
[SourceDate "2010.11.26"]
[SourceVersion "1"]
[SourceVersionDate "2010.11.26"]
[SourceQuality "1"]

1. Nf3 g6 2. d4 d5 3. Bf4 Nf6 4. e3 Bg7 5. h3 0-0 6. Be2 Ne4 7. Nbd2 Nd7 8. 0-0 f5 9. c3 Ndf6 10. Nxe4 Nxe4 11. Nd2 Nf6 12. c4 e6 13. Rc1 c6 14. c5 Bd7 15. b4 a5 16. a3 Kh8 17. Qb3 Ra7 18. b5 a4 19. Qb4 cxb5 20. Bxb5 Qe8 21. Rb1 Bc6 22. Bxc6 Qxc6 23. Qb6 Rfa8 24. Qxc6 bxc6 25. Rb6 Rc8 26. Rfb1 h6 27. Rb7 Raa8 28. Be5 Ne8 29. Nf3 g5 30. R1b6 Kg8 31. Bxg7 Nxg7 32. Ne5 f4 33. Nxc6 Nf5 34. Ne7+ Nxe7 35. Rxe7 fxe3 36. fxe3 Re8 37. Rexe6 Kf7 38. Rxe8 Rxe8 39. Kf2 Kf8 40. Rd6 h5 41. Ke2 g4 42. hxg4 hxg4 43. Rxd5 Rb8 44. c6 Rc8 45. Rc5 Rc7 46. e4 Ke7 47. Ke3 Ke8 48. d5 Rf7 49. d6 g3 50. Rf5 1-0

[Event "Mittelfranken-ch HT 55th"]
[Site "Postbauer"]
[Date "2006.04.11"]
[Round "1.1"]
[White "Eiber, Manfred"]
[Black "Witt, Alfred"]
[Result "1-0"]
[WhiteElo "2192"]
[BlackElo "1900"]
[PlyCount "68"]
[EventDate "2006.04.11"]
[EventType "swiss"]
[EventRounds "9"]
[EventCountry "GER"]
[SourceTitle "EXT 2011"]
[Source "ChessBase"]
[SourceDate "2010.11.26"]
[SourceVersion "1"]
[SourceVersionDate "2010.11.26"]
[SourceQuality "1"]

1. d4 Nf6 2. Bg5 Ne4 3. Bf4 d5 4. e3 Bf5 5. g4 Bg6 6. h4 h5 7. g5 e6 8. Bd3 Bd6 9. Ne2 Bxf4 10. Nxf4 Bf5 11. Nxh5 Rh7 12. f3 Nd6 13. Ng3 Nc6 14. e4 dxe4 15. fxe4 Bg6 16. c3 Qe7 17. Qf3 0-0-0 18. Nd2 Rdh8 19. e5 Ne8 20. Bxg6 fxg6 21. Qe4 Qd7 22. 0-0-0 Ne7 23. Nf3 c6 24. Qf4 Nd5 25. Qd2 Rf8 26. Rdf1 Nec7 27. Ne4 Ne8 28. Nc5 Qe7 29. c4 Nb6 30. b3 Rhh8 31. Qd3 Rf5 32. Nd2 Rxf1+ 33. Nxf1 Qf7 34. Ne3 Qe7 1-0

[Event "Mittelfrankenliga-B2b 0506"]
[Site "Germany"]
[Date "2006.03.19"]
[Round "7.1"]
[White "Fink, Martin"]
[Black "Witt, Alfred"]
[Result "0-1"]
[WhiteElo "1875"]
[BlackElo "1926"]
[PlyCount "108"]
[EventDate "2005.10.16"]
[EventType "team"]
[EventRounds "9"]
[EventCountry "GER"]
[SourceTitle "EXT 2007"]
[Source "ChessBase"]
[SourceDate "2006.11.23"]
[SourceVersion "1"]
[SourceVersionDate "2006.11.23"]
[SourceQuality "1"]

1. e4 e5 2. Nf3 Nc6 3. d4 exd4 4. Nxd4 Nf6 5. Bc4 Bb4+ 6. c3 Be7 7. 0-0 Ne5 8. Bb3 d6 9. f4 Ng6 10. Qe2 Bg4 11. Qb5+ Bd7 12. Qxb7 0-0 13. Nc6 Qe8 14. Ba4 d5 15. Nxe7+ Qxe7 16. Bxd7 Qxd7 17. exd5 Nh4 18. f5 Nxf5 19. c4 Nd6 20. Qb3 Rab8 21. Qd3 Rfe8 22. Nc3 Qg4 23. b3 Re7 24. Bd2 Nde4 25. h3 Qg6 26. Rae1 Rbe8 27. Nxe4 Nxe4 28. Bb4 Qb6+ 29. Kh1 Qxb4 30. Rd1 Qc3 31. Qxc3 Nxc3 32. d6 cxd6 33. Rd3 Ne4 34. Rf5 g6 35. Rf4 Kg7 36. a3 g5 37. Rf1 h5 38. Kg1 Re6 39. Rf5 Re5 40. Rf1 R8e6 41. Rfd1 Rf6 42. Re1 g4 43. Rd5 Rfe6 44. b4 Rxd5 45. cxd5 Re5 46. Re3 f5 47. b5 Rxd5 48. hxg4 hxg4 49. g3 Rxb5 50. Rd3 Rb1+ 51. Kg2 Rb2+ 52. Kg1 Ra2 53. Rb3 Kf6 54. Kf1 Nd2+ 0-1

[Event "Mittelfrankenliga-B2b 0506"]
[Site "Germany"]
[Date "2005.10.16"]
[Round "1.1"]
[White "Witt, Alfred"]
[Black "Muenster, Erich"]
[Result "1-0"]
[WhiteElo "1930"]
[BlackElo "2024"]
[PlyCount "33"]
[EventDate "2005.10.16"]
[EventType "team"]
[EventRounds "9"]
[EventCountry "GER"]
[SourceTitle "EXT 2007"]
[Source "ChessBase"]
[SourceDate "2006.11.23"]
[SourceVersion "1"]
[SourceVersionDate "2006.11.23"]
[SourceQuality "1"]

1. e4 e5 2. Nf3 Nc6 3. Bb5 Bc5 4. 0-0 Nd4 5. Nxd4 Bxd4 6. c3 Bb6 7. d4 c6 8. Ba4 d6 9. Na3 Qf6 10. Be3 Bc7 11. Qe2 Nh6 12. d5 b5 13. Nxb5 cxb5 14. Qxb5+ Kd8 15. Qc6 Rb8 16. b4 Bb6 17. Bg5 1-0